Knihy
Uloženo v:
LEADER 03351nam a2200769 i 4500
001 nkc20233494790
003 CZ PrNK
005 20230328065914.0
007 ta
008 230120s2019 xr ah g 010 0 cze
015 |a cnb003494790 
020 |a 978-80-88222-02-6  |q (Ladislav Čepička - Bílý lev ;  |q brožováno) 
035 |a (OCoLC)1372330079 
040 |a OLA001  |b cze  |d ABA001  |e rda 
043 |a e-xr---  |b e-xr-jc  |2 czenas 
045 |a x4y1 
072 7 |a 373.2/.3  |x Předškolní a primární výchova a vzdělávání  |2 Konspekt  |9 22 
080 |a 373.3:7  |2 MRF 
080 |a 37.091.3  |2 MRF 
080 |a 37.011.3-051  |2 MRF 
080 |a 373.3-057.8  |2 MRF 
080 |a (437.319)  |2 MRF 
080 |a (059)  |2 MRF 
080 |a (082.2)  |2 MRF 
100 1 |a Bagáčová, Viera  |7 ola20231175559  |4 aut 
245 1 0 |a Almanach 1949-2019 :  |b 70 let uměleckého školství ve Vimperku /  |c autoři textů Viera Bagáčová, Jiřina Fleischmannová, Jan Hrdlička, Dana Kubíčková, Martin Vališ, Pavel Vališ, Petra Vališová, Hedvika Vavříková, Jana Zíková, Ladislav Čepička 
246 3 |a Almanach Základní umělecké školy Vimperk 
246 3 0 |a 70 let uměleckého školství ve Vimperku 
264 1 |a Vimperk :  |b Základní umělecká škola Vimperk,  |c 2019 
300 |a 106 nečíslovaných stran :  |b ilustrace, faksimile ;  |c 21 cm 
336 |a text  |b txt  |2 rdacontent 
337 |a bez média  |b n  |2 rdamedia 
338 |a svazek  |b nc  |2 rdacarrier 
500 |a Pro ZUŠ Vimperk vydalo nakladatelství Bílý lev ve Vimperku 
610 2 7 |a Základní umělecká škola (Vimperk, Česko)  |7 olak20231175633  |2 czenas 
648 4 |a 1949-2019 
648 7 |a 20.-21. století  |7 ch462155  |2 czenas 
650 0 7 |a základní umělecké školy  |7 ph127724  |z Česko  |y 20.-21. století  |2 czenas 
650 0 7 |a studium a výuka  |7 ph136700  |z Česko  |y 20.-21. století  |2 czenas 
650 0 7 |a pedagogové  |7 ph137912  |z Česko  |2 czenas 
650 0 7 |a absolventi základních škol  |7 ph446680  |z Česko  |2 czenas 
650 0 9 |a elementary art schools  |z Czechia  |y 20th-21st centuries  |2 eczenas 
650 0 9 |a study and teaching  |z Czechia  |y 20th-21st centuries  |2 eczenas 
650 0 9 |a educationalists  |z Czechia  |2 eczenas 
650 0 9 |a elementary school graduates  |z Czechia  |2 eczenas 
651 7 |a Vimperk (Česko)  |7 ge131299  |2 czenas 
651 9 |a Vimperk (Czechia)  |2 eczenas 
655 7 |a almanachy  |7 fd131789  |2 czenas 
655 7 |a jubilejní publikace  |7 fd131839  |2 czenas 
655 9 |a almanacs  |2 eczenas 
655 9 |a jubilee books  |2 eczenas 
700 1 |a Fleischmannová, Jiřina  |7 ola20231175563  |4 aut 
700 1 |a Hrdlička, Jan  |7 ola20231175574  |4 aut 
700 1 |a Kubíčková, Dana  |7 ola20231175575  |4 aut 
700 1 |a Vališ, Martin  |7 ola20231175608  |4 aut 
700 1 |a Vališ, Pavel,  |d 1981-  |7 ola20231175612  |4 aut 
700 1 |a Vališová, Petra  |7 ola20231175618  |4 aut 
700 1 |a Vavříková, Hedvika  |7 ola20231175621  |4 aut 
700 1 |a Zíková, Jana  |7 ola20231175625  |4 aut 
700 1 |a Čepička, Ladislav,  |d 1955-  |7 pna2006338079  |4 aut 
710 2 |a Základní umělecká škola (Vimperk, Česko)  |7 olak20231175633  |4 isb 
910 2 |a BOA001  |b 2-1502.437 
928 9 |a Bílý lev 
990 |a BK 
995 |a 01 
991 |b 202303  |c NOV 
996 6 |b 2610929186  |c 2-1502.437  |l MZK  |r Sklad / do 1 hodiny  |n 0  |p p.v.  |w 001912847  |u 000010  |a 1  |e BOA001  |j MZK50  |s P